书目信息 |
| 题名: |
上海读本
|
|
| 作者: | 薛毅 主编 | |
| 分册: | ||
| 出版信息: | 上海 华东师范大学出版社 2010.04 |
|
| 页数: | 166页 | |
| 开本: | 24cm | |
| 丛书名: | 大夏书系·地域文化读本 | |
| 单 册: | ||
| 中图分类: | K925.1 | |
| 科图分类: | ||
| 主题词: | ||
| 电子资源: | ||
| ISBN: | 978-7-5617-7556-1 | |
| 000 | 01000nam 2200265 450 | |
| 001 | 012010818365 | |
| 005 | 20101119110757.96 | |
| 010 | @a978-7-5617-7556-1@dCNY25.00 | |
| 100 | @a20101117d2010 em y0chiy0120 ea | |
| 101 | 0 | @achi |
| 102 | @aCN@b310000 | |
| 105 | @ay z 000yy | |
| 106 | @ar | |
| 200 | 1 | @a上海读本@Ashang hai du ben@f薛毅主编@Fxue yi zhu bian |
| 210 | @a上海@c华东师范大学出版社@d2010.04 | |
| 215 | @a166页@d24cm | |
| 225 | 2 | @a大夏书系·地域文化读本@Ada xia shu xi·di yu wen hua du ben |
| 330 | @a本书主要内容:这是一张摩登上海的地图。这是享受的上海,消费的上海,让人惊奇的上海。这里有一些人的温柔乡,让他们由衷赞美上海的多情、上海的现代文明、上海的高雅艺术。但也让另外一些人看不惯这里的恣意享乐和放荡不羁。 | |
| 410 | 0 | @12001 @a大夏书系·地域文化读本 |
| 607 | @a上海市@Ashang hai shi@x概况 | |
| 607 | @a华东地区@Ahua dong di qu@x概况 | |
| 690 | @aK925.1@v4 | |
| 701 | 0 | @a薛毅@Axue yi@4主编 |
| 801 | 0 | @aCN@bQSSK@c20101119 |
| 905 | @b788578-80@dK925.1@eX972@f3 | |
| 上海读本/薛毅主编.-上海:华东师范大学出版社,2010.04 |
| 166页;24cm.-(大夏书系·地域文化读本) |
| ISBN 978-7-5617-7556-1:CNY25.00 |
| 本书主要内容:这是一张摩登上海的地图。这是享受的上海,消费的上海,让人惊奇的上海。这里有一些人的温柔乡,让他们由衷赞美上海的多情、上海的现代文明、上海的高雅艺术。但也让另外一些人看不惯这里的恣意享乐和放荡不羁。 |
| ● |
| 相关链接 |
|
|
|
正题名:上海读本
索取号:K925.1/X972
 
预约/预借
| 序号 | 登录号 | 条形码 | 馆藏地/架位号 | 状态 | 备注 |
| 1 | 788578 | 207885788 | 社科库309/309社科库 14排2列2层/ [索取号:K925.1/X972] | 在馆 | |
| 2 | 788579 | 207885797 | 社科库309/309社科库 14排2列2层/ [索取号:K925.1/X972] | 在馆 | |
| 3 | 788580 | 207885804 | 社科库309/309社科库 14排2列2层/ [索取号:K925.1/X972] | 在馆 |